00567nam a2200157 a 4500008004100000020001500041050001500056100003000071245008400101260004800185300003100233350000900264650004300273650004600316700004700362060316s1999 ||||||||||||||||| || u a020139829X aZ 667 Bae  aBaeza-Yates, R. (Ricardo)10aModern information retrieval cby Ricardo Baeza-Yates and Berthier Ribeiro-Neto aNew York :bACM Press Addison-Wesleyc1999. axx, 513 p. : ill. ; 24 cm. a0.00 aLIBRARIANSHIP--HANDBOOKS, MANUALS, ETC aINFORMATION STORAGE AND RETRIEVAL SYSTEMS aRibeiro, Berthier de Araâujo Neto, 1960-